Kompass der Geschichtswissenschaft : ein Handbuch /

Saved in:
Bibliographic Details
Other Authors: Eibach, Joachim, 1960-, Lottes, Günther.
Format: Book
Language:German
Published: Göttingen : Vandenhoeck & Ruprecht, c2002.
Series:Uni-Taschenbücher ; 2271.
Subjects:
Tags: Add Tag
No Tags, Be the first to tag this record!
LEADER 01096cam a2200301Ia 4500
001 009351174-4
005 20040430122550.0
008 020821s2002 gw bf 001 0 ger d
020 |a 3825222713 (UTB) 
020 |a 3525032145 (Vandenhoeck & Ruprecht) 
035 0 |a ocm50445216 
040 |a EXW  |c EXW  |d OCLCQ 
090 |a D16  |b .K599 2002 
245 0 0 |a Kompass der Geschichtswissenschaft :  |b ein Handbuch /  |c herausgegeben von Joachim Eibach und Günther Lottes. 
260 |a Göttingen :  |b Vandenhoeck & Ruprecht,  |c c2002. 
300 |a 400 p. ;  |c 22 cm. 
490 1 |a UTB ;  |v 2271 
500 |a "UTB der Wissenschaft." 
504 |a Includes bibliographical references and index. 
650 0 |a History  |x Methodology  |v Handbooks, manuals, etc. 
650 0 |a Historiography  |v Handbooks, manuals, etc. 
650 0 |a Social history  |x Historiography  |v Handbooks, manuals, etc. 
650 0 |a Civilization  |x History  |x Historiography  |v Handbooks, manuals, etc. 
700 1 |a Eibach, Joachim,  |d 1960- 
700 1 |a Lottes, Günther. 
830 0 |a Uni-Taschenbücher ;  |v 2271. 
988 |a 20040429 
906 |0 OCLC